Vida en el amor (Registro nro. 83832)
[ vista simple ]
| 000 -CABECERA | |
|---|---|
| Longitud fija campo de control | 01463nam a22002897a 4500 |
| 003 - IDENTIFICADOR DEL NÚMERO DE CONTROL | |
| Identificador del número de control | EC-QuCCB |
| 005 - FECHA Y HORA DE LA ÚLTIMA TRANSACCIÓN | |
| Fecha y hora de la última transacción | 20260410161348.0 |
| 007 - CAMPO FIJO DE DESCRIPCIÓN FÍSICA--INFORMACIÓN GENERAL | |
| Campo fijo de descripción física | ta |
| 008 - DATOS DE LONGITUD FIJA--INFORMACIÓN GENERAL | |
| Códigos de información de longitud fija | 260410s1996 ec |||gr|||| 000 0dspa d |
| 040 ## - FUENTE DE LA CATALOGACIÓN | |
| Centro catalogador de origen | EC-QuCCB |
| 041 ## - CÓDIGO DE LENGUA | |
| Código de lengua del texto;banda sonora o título independiente | spa |
| 082 ## - NÚMERO DE LA CLASIFICACIÓN DECIMAL DEWEY | |
| Número de clasificación | 291.5 |
| Número de documento | C2665 |
| 100 1# - ENTRADA PRINCIPAL--NOMBRE DE PERSONA | |
| 9 (RLIN) | 29187 |
| Nombre de persona | Cardenal, Ernesto, |
| Títulos u otras palabras asociadas al nombre | Sacerdote, |
| Fechas asociadas con el nombre | 1925- |
| 245 10 - MENCIÓN DE TÍTULO | |
| Título | Vida en el amor |
| Mención de responsabilidad, etc. | Ernesto Cardenal |
| 250 ## - MENCIÓN DE EDICIÓN | |
| Mención de edición | Primera edición |
| 260 ## - PUBLICACIÓN, DISTRIBUCIÓN, ETC. (PIE DE IMPRENTA) | |
| Lugar de publicación, distribución, etc. | Quito, Ecuador : |
| Nombre del editor, distribuidor, etc. | El Horeb, |
| Fecha de publicación, distribución, etc. | 1996 |
| 300 ## - DESCRIPCIÓN FÍSICA | |
| Extensión | 196 páginas ; |
| Dimensiones | 20 cm |
| 336 ## - TIPO DE CONTENIDO | |
| Content type term | texto |
| Content type code | txt |
| 337 ## - TIPO DE MEDIO | |
| Media type term | no mediado |
| Media type code | n |
| 338 ## - TIPO DE PORTADOR | |
| Carrier type term | volumen |
| Carrier type code | nc |
| 520 ## - SUMARIO, ETC. | |
| Sumario, etc, | «La finalidad de este libro es sencillamente la de abrirnos los ojos a lo que debiera ser obvio, pero que es increíble: 'todos los seres se aman'. 'La vida es amor'. [...] La sencillez lúcida y 'franciscana' de Ernesto Cardenal nos muestra el mundo no como lo vemos con nuestro miedo y nuestra desconfianza, sino como realmente es. Porque el amor no es un sueño: el amor es la ley básica de las criaturas que fueron creadas libres para darse, libres para participar de la infinita abundancia de vida con que nos colma Dios. El amor es el corazón y el verdadero centro del dinamismo creador que llamamos vida. El amor es la vida misma en su estado de madurez y de perfección». (Del prólogo de Thomas Merton) |
| 590 ## - NOTA LOCAL (RLIN) | |
| Nota local | bgg |
| 650 #4 - PUNTO DE ACCESO ADICIONAL DE MATERIA--TÉRMINO DE MATERIA | |
| 9 (RLIN) | 12675 |
| Nombre de materia o nombre geográfico como elemento de entrada | Ética cristiana |
| 653 ## - TÉRMINO DE INDIZACIÓN--NO CONTROLADO | |
| Base de datos | Dios — Amor |
| 942 ## - ELEMENTOS DE PUNTO DE ACCESO ADICIONAL (KOHA) | |
| Fuente de clasificaión o esquema | Dewey Decimal Classification |
| Koha [por defecto] tipo de item | Monografía |
| Suprimido | Perdido | Fuente de clasificación o esquema | Estropeado | Restricciones de uso | No se presta | Koha Colección | Localización (Biblioteca) | Localización actual | Localización en estanterías | Fecha adquisición | Fuente de adquisición | Serie de enumeración ; cronología | Préstamos totales | Clasificación completa | Designación de pieza (código de barras) | Fecha última consulta | Número de ejemplar | Fecha del precio de reemplazo | Tipo de item de Koha |
|---|---|---|---|---|---|---|---|---|---|---|---|---|---|---|---|---|---|---|---|
| Disponible | Dewey Decimal Classification | Sin daños | Sin restricciones de uso | Disponible para préstamo | CIENCIAS SOCIALES | Biblioteca y Archivo de la CCE | Biblioteca y Archivo de la CCE | CIENCIAS SOCIALES | 10/04/2026 | Donación Dietlind Brehme | 1996 | 291.5 C2665 | 0006332 | 10/04/2026 | Ej. 1 | 10/04/2026 | Monografía |























